Capitals of Africa Quiz Stats

 Plays Quiz Updated Apr 18, 2019

Score 0/54 Timer 12:00
262 Plays Today
Capital % Correct
Cairo,
Egypt
93.2%
Tunis,
Tunisia
91.1%
Algiers,
Algeria
90.3%
Pretoria, South Africa
89.1%
Djibouti,
Djibouti
88.6%
Nairobi,
Kenya
87.7%
Tripoli,
Libya
87.6%
Rabat,
Morocco
86.7%
Addis Ababa, Ethiopia
84%
São Tomé,
São Tomé and Príncipe
83.1%
Bissau,
Guinea-Bissau
82.1%
Freetown,
Sierra Leone
81.8%
Khartoum,
Sudan
79.1%
Mogadishu,
Somalia
79%
Dakar,
Senegal
78%
Accra,
Ghana
77.4%
Victoria,
Seychelles
76.8%
Juba,
South Sudan
75.6%
Harare,
Zimbabwe
74%
Brazzaville,
Rep. of the Congo
73.9%
Windhoek,
Namibia
73.8%
Kinshasa,
DRC
73.2%
Monrovia,
Liberia
71.6%
Luanda,
Angola
71.3%
Abuja,
Nigeria
69.8%
Lomé,
Togo
69.7%
Kampala,
Uganda
69.5%
Capital % Correct
Asmara,
Eritrea
69.1%
Kigali,
Rwanda
68.6%
Antananarivo,
Madagascar
68.5%
Port Louis,
Mauritius
68.3%
Dodoma,
Tanzania
67.4%
Libreville, Gabon
65.4%
Ouagadougou,
Burkina Faso
65.3%
Praia,
Cabo Verde
65.3%
Maputo,
Mozambique
64.2%
Porto
Novo,
Benin
64%
Niamey,
Niger
63.2%
Moroni,
Comoros
62.7%
Gaborone,
Botswana
61.7%
Lusaka,
Zambia
61.4%
Mbabane,
eSwatini
60.6%
N'Djamena,
Chad
60.4%
Lilongwe,
Malawi
60.2%
Conakry,
Guinea
59.9%
Banjul,
The Gambia
59.4%
Yaoundé,
Cameroon
59.1%
Bangui,
CAR
58.7%
Bamako,
Mali
58.4%
Maseru,
Lesotho
57.1%
Gitega,
Burundi
57%
Yamoussoukro,
Côte d’Ivoire
53%
Nouakchott,
Mauritania
52.8%
Malabo,
Equatorial Guinea
51.6%

You're not logged in!

Compare scores with friends on all Sporcle quizzes.
OR
Log In

Sporcle TV

Today on Sporcle TV


Watch our educational content, quiz creation guides, and fun videos on Sporcle TV.

Show Comments

Extras

Top Quizzes Today


Score Distribution

Your Account Isn't Verified!

In order to create a playlist on Sporcle, you need to verify the email address you used during registration. Go to your Sporcle Settings to finish the process.

Report this User

Report this user for behavior that violates our Community Guidelines.

Details: